| 000 | 00646nam a2200181Ia 4500 | ||
|---|---|---|---|
| 008 | 100920s9999 xx 000 0 und d | ||
| 082 |
_b84007 _a51 न 03 |
||
| 100 | _aकाळे वि.र. | ||
| 245 | _aइंदिरा प्रियदर्शिनी. | ||
| 260 |
_bवसंत बुक स्टॉल, दादर, मुंबई 28. _c2003 |
||
| 300 |
_a188 _bसाधी |
||
| 365 | _b200 | ||
| 520 | _aचरित्र. | ||
| 630 | _aइंदिरा प्रियदर्शिनी. | ||
| 650 | _aचरित्र. | ||
| 730 | _aइंदिरा प्रियदर्शिनी. | ||
| 942 | _cBOOK | ||
| 999 |
_c724601 _d724598 |
||